000
00312nam a22001337a 4500
999
_c
54929
_d
54929
008
190925b ||||| |||| 00| 0 eng d
041
_a
eng
080
_2
615.82
_a
615.82
082
_a
615.82
100
_a
8
101
_a
EGZ
245
_a
Structural Balancing a clinical approach
_c
Wright,K
942
_2
udc
_c
BK